Municipis del Penedès - Statistics

General Stats
  • This quiz has been taken 16 times
  • The average score is 25 of 71
Answer Stats
Comarca Municipi % Correct
Garraf Sitges
91%
Garraf Vilanova i la Geltrú
91%
Garraf Sant Pere de Ribes
82%
Alt Penedès Vilafranca del Penedès
82%
Baix Penedès El Vendrell
73%
Garraf Olivella
73%
Garraf Canyelles
64%
Garraf Cubelles
64%
Baix Penedès Cunit
64%
Anoia Igualada
64%
Baix Penedès La Bisbal del Penedès
64%
Baix Penedès Llorenç del Penedès
64%
Alt Penedès Pacs del Penedès
64%
Anoia Santa Margarida de Montbui
64%
Alt Penedès Sant Sadurní d'Anoia
64%
Anoia Vilanova del Camí
64%
Alt Penedès Avinyonet del Penedès
55%
Baix Penedès Banyeres del Penedès
55%
Baix Penedès Calafell
55%
Alt Penedès La Granada
55%
Alt Penedès Santa Margarida i els Monjos
55%
Baix Penedès L'Arboç
45%
Baix Penedès Masllorenç
45%
Anoia Òdena
45%
Alt Penedès Olesa de Bonesvalls
45%
Anoia Santa Maria de Miralles
45%
Anoia Sant Martí de Tous
45%
Alt Penedès Sant Martí Sarroca
45%
Baix Penedès Albinyana
36%
Anoia La Llacuna
36%
Alt Penedès Olèrdola
36%
Anoia Piera
36%
Alt Penedès Sant Cugat Sesgarrigues
36%
Baix Penedès Sant Jaume dels Domenys
36%
Alt Penedès Sant Llorenç d'Hortons
36%
Alt Penedès Viloví del Penedès
36%
Baix Penedès Bonastre
27%
Anoia Capellades
27%
Alt Penedès Castellet i la Gornal
27%
Anoia El Bruc
27%
Alt Penedès Gelida
27%
Alt Penedès Pontons
27%
Alt Penedès Santa Fe del Penedès
27%
Baix Penedès Santa Oliva
27%
Alt Penedès Sant Quintí de Mediona
27%
Alt Penedès Subirats
27%
Baix Penedès Bellvei
18%
Alt Penedès Castellví de la Marca
18%
Baix Penedès El Montmell
18%
Anoia Els Hostalets de Pierola
18%
Alt Penedès Font-Rubí
18%
Anoia La Pobla de Claramunt
18%
Anoia Masquefa
18%
Alt Penedès Mediona
18%
Alt Penedès Sant Pere de Riudebitlles
18%
Anoia Argençola
9%
Anoia Carme
9%
Anoia Castellolí
9%
Anoia Copons
9%
Anoia Jorba
9%
Alt Penedès Les Cabanyes
9%
Alt Penedès Puigdàlber
9%
Alt Penedès Torrelavit
9%
Alt Penedès Torrelles de Foix
9%
Anoia Bellprat
0%
Anoia Cabrera d'Anoia
0%
Anoia La Torre de Claramunt
0%
Anoia Montmaneu
0%
Anoia Orpí
0%
Anoia Rubió
0%
Anoia Vallbona d'Anoia
0%
No matching quizzes found
Score Distribution
Percent of People with Each Score
Percentile by Number Answered
Your Score History
You have not taken this quiz